| 000 | 00396nam a2200145Ia 4500 | ||
|---|---|---|---|
| 008 | 240624s9999 xx 000 0 und d | ||
| 041 | _aeng | ||
| 082 | _a355.00954 THA | ||
| 100 | _aTHAPLIYAL UMA PRASAD | ||
| 245 | _aWARFARE IN ANCIENT INDIA ORGANIZATIONAL | ||
| 250 | _a11 | ||
| 260 |
_c2010 _aNew Delhi _bManohar Publishers & Distributors |
||
| 300 | _a431 : p. : cm. ; 21 | ||
| 365 |
_cRS _b25 |
||
| 999 |
_c18022 _d18022 |
||